Handbook on liturgy and worship (Record no. 22878)

MARC details
000 -LEADER
fixed length control field 00422cam a2200181 i 4500
020 ## - INTERNATIONAL STANDARD BOOK NUMBER
ISBN 9788184656268
020 ## - INTERNATIONAL STANDARD BOOK NUMBER
ISBN 8184656262
082 ## - DEWEY DECIMAL CLASSIFICATION NUMBER
Classification number 264
Author Cutter DAN
100 1# - MAIN ENTRY--AUTHOR NAME
Author name Daniel, Monodeep,
245 10 - TITLE STATEMENT
Title Handbook on liturgy and worship
260 ## - PUBLICATION, DISTRIBUTION, ETC. (IMPRINT)
Place of publication Delhi
Name of publisher ISPCK
Year of publication 2017
300 ## - PHYSICAL DESCRIPTION
Number of Pages xiv, 239 pages ;
650 #0 - SUBJECT ADDED ENTRY--TOPICAL TERM
Topical Term Public worship.
942 ## - ADDED ENTRY ELEMENTS (KOHA)
Koha item type Books
700 1# -
-- Sathe, Vijay,
700 1# -
-- Caleb, Sunil M.,
Holdings
Home library Current library Shelving location Date acquired Source of acquisition Cost, normal purchase price Full call number Accession Number Koha item type
Henry Martyn Institute Library Henry Martyn Institute Library General stacks 06/02/2020 ISPCK 275.00 264 DAN 11004231 Books
                   Copyright © 2026 | Henry Martyn Institute | Hyderabad | TS-500052 | INDIA | Implemented by hmi.edu.in
Hit-Count:

Powered by Koha